000 00895nam a2200313 a 4500
001 000114299
003 CHAP
005 20220329144435.0
008 171211s1968 mx |r| |||0|||spa d
010 _a110760
011 _a111732
040 _cCHAP
082 0 4 _a305.5
_bG55
100 1 _aGlezerman, G.
_9134244
245 1 0 _aClases y lucha de clases /
_cpor G. Glezerman y S. Smenov; traductor José Lain E.
260 _aMéxico :
_bGrijalbo,
_cc1968.
300 _a157 p.
490 1 _aColección 70
_v15
534 _pTít. original :
_tLas clases y la lucha de clases
590 _aE6096MTM
_b05
_c20171211
_lUCH01
_h1456
590 _aE6096MTM
_b05
_c20171214
_lUCH01
_h0910
650 1 4 _aClases sociales.
_923673
650 1 4 _aLucha de clases.
_968871
700 1 _aSmenov, V.
_9134245
830 4 _aColección 70
_v15
_924662
901 _aBK
942 _cLIBRO
942 _n0
999 _c110760
_d110760